000 00836nam a2200241 a 4500
001 BRCA_404
005 20190320203009.0
008 870616s1986 it-a---##b---#000-0#ita-#
040 _aDLC
_cDLC
_dDLC
041 _aita
044 _ait
050 4 _aNK4104.P4
_b.B57 1986
100 1 _aBiscontini Ugolini, Grazia
_91365
245 1 0 _aCeramiche pesaresi dal XVIII al XX secolo
_cGrazia Biscontini Ugolini.
260 _aCasalecchio, Bolonia
_bGrafis
_c1986
300 _a366 p.
_bil. (algunas a color)
_c25 cm.
440 0 _aCatalogo generale delle raccolte a cura di Gian Carlo Bojani
_v3
_91366
504 _aBibliografía: p. 239-245
610 2 4 _aMuseo Internazionale delle Ceramiche (Faenza, Italia)
_vCatálogos
_91367
650 1 4 _aCerámica italiana
_vCatálogos
_91368
650 1 4 _aCerámica
_vCatálogos
_91369
942 _2lcc
_cB
999 _c339
_d339